Name WWII US + Japan + UK Aircraft Carriers - Statistics

General Stats
  • This quiz has been taken 368 times
    361 since last reset
  • The average score is 18 of 44
Answer Stats
Answers % Correct
CV-6 Enterprise
86%
CV-10 Yorktown
83%
CV-5 Yorktown
83%
CV-12 Hornet
80%
CV-8 Hornet
80%
Akagi
76%
CV-16 Lexington
76%
CV-2 Lexington
76%
Kaga
69%
Hiryu
67%
CV-3 Saratoga
66%
Soryu
64%
CV-18 Wasp
63%
CV-7 Wasp
63%
CV-9 Essex
62%
Shokaku
56%
CV-4 Ranger
54%
Zuikaku
54%
Shinano
40%
Taiho
40%
87 Illustrious
39%
95 Hermes
38%
CV-17 Bunker Hill
38%
CV-13 Franklin
37%
CV-11 Intrepid
35%
92 Indomitable
30%
R38 Victorious
29%
67 Formidable
26%
CV-14 Ticonderoga
26%
R10 Indefatigable
24%
Amagi
23%
CV-19 Hancock
20%
Unryu
19%
CV-38 Shangri-La
18%
CV-15 Randolph
17%
I72 Unicorn
17%
CV-20 Bennington
16%
CV-31 Bon Homme Richard
13%
Katsuragi
9%
R62 Glory
5%
R71 Vengeance
4%
R86 Implaceable
4%
R63 Venerable
3%
R76 Pioneer
2%
No matching quizzes found
Score Distribution
Percent of People with Each Score
Percentile by Number Answered
Your Score History
You have not taken this quiz since the last reset